Tản văn và truyện ngắn

Sách trích dịch một số tản văn và truyện ngắn của nhà văn Trung Quốc khá nổi tiếng Giả Bình Ao. Tác phẩm của ông đã đoạt nhiều giải thưởng Quố gia cũng như Quốc tế

Đã lưu trong:
书目详细资料
主要作者: Giả Bình Ao
格式: 图书
语言:Undetermined
出版: Hà Nội Văn Học 1998
主题:
标签: 添加标签
没有标签, 成为第一个标记此记录!
Thư viện lưu trữ: Trung tâm Học liệu Trường Đại học Cần Thơ
LEADER 00820nam a2200205Ia 4500
001 CTU_25205
008 210402s9999 xx 000 0 und d
020 |b 39.000đ 
082 |a 895.18 
082 |b A108 
100 |a Giả Bình Ao 
245 0 |a Tản văn và truyện ngắn 
245 0 |c Giả Bình Ao 
260 |a Hà Nội 
260 |b Văn Học 
260 |c 1998 
520 |a Sách trích dịch một số tản văn và truyện ngắn của nhà văn Trung Quốc khá nổi tiếng Giả Bình Ao. Tác phẩm của ông đã đoạt nhiều giải thưởng Quố gia cũng như Quốc tế 
650 |a short stories chinese - 20th century - collections 
904 |i Minh, 980918 
980 |a Trung tâm Học liệu Trường Đại học Cần Thơ